000 00321nam a22001337a 4500
008 171002b xxu||||| |||| 00| 0 eng d
020 _a0201087960
041 _aeng
080 _a159.9
100 _a48
101 _aPSI
245 _aINFLUENCING ATTITUDES AND CHANGING BEHAVIOR
_cMASLACH.E
942 _2udc
_cBK
999 _c31188
_d31188